000 01085cam a2200349 a 4500
001 5648
003 FISKH
005 20250109104333.0
008 060719s2007 nyua a 000 1 eng
010 _a 2006049582
020 _a1423102975 (alk. paper)
020 _a9780545071475
040 _aDLC
_cDLC
_dDLC
_beng
050 _aPZ7.W65535
082 _a813.6
100 1 _aWillems, Mo.
245 1 0 _aMy friend is sad /
_cby Mo Willems.
260 _aNew York :
_bScholastic,
_c2007.
300 _a57 pages :
_bcolor illustrations ;
_c23 cm
490 0 _aAn Elephant & Piggie book
505 _aE
520 _aWhen Gerald the Elephant is sad, Piggie is determined cheer him up, but finds after many tries that it only takes the simplest thing to change Gerald's mood.
521 8 _a220
_bLexile
521 8 _aE
_bRaz-Plus
650 1 _aPigs
_vFiction.
650 1 _aElephants
_vFiction.
650 1 _aEmotions
_vFiction.
650 1 _aFriendship
_vFiction.
906 _a7
_bcbc
_corignew
_d1
_eocip
_f20
_gy-gencatlg
942 _2ddc
_cBK
_n0
999 _c5648
_d5648